[Event "Titled Tue 20th May Early"]
[Site "chess.com INT"]
[Date "2025.05.20"]
[Round "11"]
[White "Dann, Matthias"]
[Black "Odegov, Artem"]
[Result "0-1"]
[WhiteTitle "IM"]
[BlackTitle "FM"]
[WhiteElo "2446"]
[BlackElo "2244"]
[WhiteFideId "24638056"]
[BlackFideId "34183644"]
[EventDate "2025.05.20"]

1. e4 e5 2. d4 exd4 3. Qxd4 Nf6 4. Nc3 Nc6 5. Qe3 Be7 6. Bc4 O-O 7. Nf3 Nb4 8.
Bb3 d5 9. O-O dxe4 10. Nxe4 Nbd5 11. Qd3 Bg4 12. Rd1 Qc8 13. Bg5 Rd8 14. h3 Bf5
15. Nxf6+ Nxf6 16. Qc4 Be6 17. Qe2 Bxb3 18. Qxe7 Re8 19. Qc5 Ne4 20. Qe3 Bxc2
21. Rdc1 Ba4 22. Bf4 Bc6 23. Qa3 Qf5 24. Bxc7 Rac8 25. Bh2 Qg6 26. Qxa7 Nd2 27.
Nh4 Qe4 28. Bg3 g5 29. Re1 Qxe1+ 30. Rxe1 Rxe1+ 31. Kh2 Nf1+ 32. Kg1 Nxg3+ 33.
Kh2 Nf1+ 34. Kg1 gxh4 0-1

[Event "Titled Tue 20th May Early"]
[Site "chess.com INT"]
[Date "2025.05.20"]
[Round "11"]
[White "Lisenkov, Svyatoslav"]
[Black "Gibala, Adam"]
[Result "1-0"]
[WhiteTitle "CM"]
[BlackTitle "CM"]
[WhiteElo "2241"]
[BlackElo "2239"]
[WhiteFideId "34264183"]
[BlackFideId "21070288"]
[EventDate "2025.05.20"]

1. e4 c6 2. d4 d5 3. e5 Bf5 4. h4 a6 5. Bd3 Bxd3 6. Qxd3 c5 7. e6 fxe6 8. Nf3
Nf6 9. O-O Nc6 10. c3 Qd6 11. Re1 g6 12. Bg5 Bg7 13. dxc5 Qxc5 14. Rxe6 Ne4 15.
Be3 Qb5 16. Qxb5 axb5 17. Ng5 Kd7 18. Rxe4 dxe4 19. Na3 Rxa3 20. Rd1+ Kc8 21.
bxa3 Rd8 22. Rxd8+ Nxd8 23. Nxe4 Ne6 24. Kf1 Kd7 25. Ke2 Kc6 26. Kd3 Kd5 27. f3
Kc6 28. g4 Kd5 29. h5 Be5 30. h6 Nf4+ 31. Kc2 Ne6 32. Kb3 Kc6 33. a4 Nc7 34. Ng5
Nd5 35. axb5+ Kxb5 36. c4+ 1-0

[Event "Titled Tue 20th May Early"]
[Site "chess.com INT"]
[Date "2025.05.20"]
[Round "11"]
[White "Gabrielian, Artur"]
[Black "Deichmann, Esteban Horacio"]
[Result "1-0"]
[WhiteTitle "GM"]
[WhiteElo "2419"]
[BlackElo "2085"]
[WhiteFideId "4131002"]
[BlackFideId "167410"]
[EventDate "2025.05.20"]

1. Nf3 c5 2. e4 Nc6 3. Bb5 Na5 4. Be2 a6 5. O-O d6 6. c3 g6 7. d4 cxd4 8. cxd4
Bg7 9. Nc3 Nf6 10. d5 b5 11. Nd4 O-O 12. b4 Nb7 13. Be3 Bd7 14. Qd2 Rc8 15. f3
e5 16. dxe6 fxe6 17. Rfd1 Qe7 18. a4 d5 19. e5 Ne8 20. axb5 axb5 21. f4 Qxb4 22.
Ncxb5 Qxd2 23. Rxd2 Nc5 24. Rc2 Ne4 25. Rxc8 Bxc8 26. Ra7 Rf7 27. Ra8 Bd7 28.
Nc7 Re7 29. Nxe8 Bxe8 30. Bb5 Kf7 31. Bxe8+ Rxe8 32. Rxe8 Kxe8 33. Nxe6 Bh6 34.
g3 Nc3 35. Kf1 Nb5 36. Ke2 Kd7 37. Nd4 Nc3+ 38. Kf3 Ne4 39. g4 Bg7 40. h4 Nc5
41. Bf2 Nd3 42. Be3 h5 43. gxh5 gxh5 44. Nf5 Bf8 45. Ng3 Ke6 46. Bd4 Bg7 47. f5+
Kd7 48. e6+ 1-0

[Event "Titled Tue 20th May Early"]
[Site "chess.com INT"]
[Date "2025.05.20"]
[Round "11"]
[White "Jovic, Stanoje"]
[Black "Kozlov, Oleg"]
[Result "1-0"]
[WhiteTitle "FM"]
[BlackTitle "IM"]
[WhiteElo "2096"]
[BlackElo "2253"]
[WhiteFideId "905020"]
[BlackFideId "4104544"]
[EventDate "2025.05.20"]

1. c4 g6 2. g3 Bg7 3. Bg2 f5 4. Nc3 Nf6 5. Nf3 O-O 6. O-O d6 7. d4 Qe8 8. d5 Na6
9. Be3 Bd7 10. Nb5 c6 11. dxc6 bxc6 12. Nc3 Ng4 13. Bd2 Rb8 14. b3 e6 15. h3 Ne5
16. Nxe5 Bxe5 17. Rc1 d5 18. Bh6 Rf7 19. cxd5 cxd5 20. Qd2 Bc6 21. Bf4 Bxf4 22.
gxf4 Qd8 23. e3 Rd7 24. Rfd1 Rc8 25. Ne2 Bb7 26. Nd4 Rd6 27. Nf3 Nc5 28. Ne5 Ne4
29. Bxe4 fxe4 30. Rxc8 Bxc8 31. Rc1 Ba6 32. Qb4 Rb6 33. Qc5 Bb7 34. Qc7 Qxc7 35.
Rxc7 a5 36. Ng4 Rb4 37. Nf6+ Kf8 38. Nxh7+ Ke8 39. Ng5 Ba6 40. Nxe6 a4 41. bxa4
Bc4 42. Ra7 Rb1+ 43. Kg2 Bf1+ 44. Kg3 Be2 45. Kh4 Rg1 46. a5 Ra1 47. Kg5 Rxa2
48. Kf6 Bc4 49. Re7# 1-0

[Event "Titled Tue 20th May Early"]
[Site "chess.com INT"]
[Date "2025.05.20"]
[Round "11"]
[White "Rosen, Eric"]
[Black "Dorrance, Adam"]
[Result "1-0"]
[WhiteTitle "IM"]
[BlackTitle "FM"]
[WhiteElo "2377"]
[BlackElo "2301"]
[WhiteFideId "2032562"]
[BlackFideId "2618567"]
[EventDate "2025.05.20"]

1. d4 Nf6 2. Bf4 d5 3. Nf3 c5 4. e3 Nc6 5. Nbd2 e6 6. c3 g6 7. dxc5 Bxc5 8. Bd3
Nh5 9. Bh6 Bf8 10. Bxf8 Kxf8 11. e4 Nf4 12. Bf1 d4 13. Nb3 dxc3 14. Qxd8+ Nxd8
15. bxc3 Nc6 16. g3 Nh5 17. O-O-O e5 18. Bc4 Ke7 19. Bd5 Bg4 20. Rd3 Bxf3 21.
Rxf3 f6 22. Nc5 Rac8 23. Nxb7 Nd4 24. Rd3 Rc7 25. Kd2 Nb5 26. Rb1 a6 27. a4 Na3
28. Rb4 Rhc8 29. Na5 Rc5 30. Rb7+ R8c7 31. Rxc7+ Rxc7 32. Kc1 Rc5 33. Kb2 Rxa5
34. Kxa3 Kd6 35. Kb4 Rc5 36. Ba8+ Kc7 37. Kxc5 1-0

[Event "Titled Tue 20th May Early"]
[Site "chess.com INT"]
[Date "2025.05.20"]
[Round "11"]
[White "Saiz Rodriguez, Daniel Evelio"]
[Black "Teh, Wee Zhun"]
[Result "1-0"]
[WhiteTitle "FM"]
[BlackTitle "CM"]
[WhiteElo "2187"]
[BlackElo "2010"]
[WhiteFideId "3523420"]
[BlackFideId "5707277"]
[EventDate "2025.05.20"]

1. c4 c6 2. Nf3 d5 3. g3 Nf6 4. Bg2 dxc4 5. O-O Nbd7 6. Qc2 Nb6 7. Na3 Be6 8.
Ng5 Bg4 9. f3 Qd4+ 10. e3 Qc5 11. Nxf7 Bf5 12. b4 Bxc2 13. bxc5 Kxf7 14. Nxc2
Na4 15. Na3 Nxc5 16. Nxc4 Nd3 17. Ba3 b5 18. Nb2 Rd8 19. Nxd3 Rxd3 20. Bc5 a6
21. Rfd1 e5 22. Bxf8 Rxf8 23. Bf1 Ra3 24. Rac1 Rc8 25. d4 exd4 26. exd4 Rxa2 27.
d5 c5 28. d6 Ke6 29. Bh3+ Kf7 30. Bxc8 1-0

[Event "Titled Tue 20th May Early"]
[Site "chess.com INT"]
[Date "2025.05.20"]
[Round "11"]
[White "Onyshchuk, Volodymyr"]
[Black "Rustamov, Rustam"]
[Result "0-1"]
[WhiteTitle "GM"]
[BlackTitle "FM"]
[WhiteElo "2602"]
[BlackElo "2323"]
[WhiteFideId "14114038"]
[BlackFideId "13440110"]
[EventDate "2025.05.20"]

1. e4 c5 2. Nf3 d6 3. d4 cxd4 4. Nxd4 Nf6 5. Nc3 e5 6. Nf3 Be7 7. Bg5 Nbd7 8.
Bc4 O-O 9. O-O a6 10. a4 b6 11. Qe2 Bb7 12. Rfd1 Qc7 13. Nd2 h6 14. Bxf6 Nxf6
15. Nf1 g6 16. Bb3 Kg7 17. Qf3 b5 18. Ne3 b4 19. Ncd5 Bxd5 20. Bxd5 Rac8 21. a5
Qc5 22. Bb3 Qc7 23. g3 Qb7 24. Nd5 Nxd5 25. Rxd5 f5 26. Rad1 Qa7 27. R1d2 Rf6
28. exf5 Rxf5 29. Qe2 Rcf8 30. h4 g5 31. hxg5 Bxg5 32. Rxd6 Bxd2 33. Rxd2 Rxf2
34. Qxe5+ Kh7 35. Qe4+ Kh8 36. Qe5+ R2f6+ 37. Kg2 Qg7 38. Qe3 Rf3 39. Qxf3 Rxf3
40. Kxf3 Qf6+ 41. Ke2 Qe5+ 42. Kf3 Qxa5 43. Rd7 Qf5+ 0-1

[Event "Titled Tue 20th May Early"]
[Site "chess.com INT"]
[Date "2025.05.20"]
[Round "11"]
[White "Dumanuly, Sultanbeibarys"]
[Black "Toroptseva, Yevheniia"]
[Result "1-0"]
[WhiteTitle "FM"]
[BlackTitle "WFM"]
[WhiteElo "2117"]
[BlackElo "2064"]
[WhiteFideId "13731963"]
[BlackFideId "34109374"]
[EventDate "2025.05.20"]

1. e4 c5 2. Nf3 e6 3. d4 cxd4 4. Nxd4 Nf6 5. Nc3 Nc6 6. Qd3 Bb4 7. Bd2 O-O 8.
Nxc6 dxc6 9. Qxd8 Rxd8 10. e5 Nd5 11. Bd3 Bxc3 12. bxc3 b5 13. Ke2 a5 14. a4 b4
15. c4 Nb6 16. Be3 Nd7 17. f4 Ba6 18. c5 Bxd3+ 19. cxd3 f6 20. d4 f5 21. Rhg1 g6
22. h3 Kf7 23. g4 Nf8 24. g5 Nd7 25. h4 Nb8 26. h5 Na6 27. Rh1 Rh8 28. Rh2 Nc7
29. Rah1 gxh5 30. Rxh5 Kg7 31. Rh6 Rae8 32. Bf2 Nd5 33. Be3 Nc3+ 34. Kd3 Nxa4
35. Bd2 Nb2+ 36. Kc2 Nc4 37. Be1 a4 38. Bxb4 Ne3+ 39. Kd3 Ng2 40. Bd2 a3 41.
R6h2 a2 42. Rxg2 Ra8 43. Bc3 Rhb8 44. Ra1 Rb1 45. Rgxa2 Rd1+ 46. Rxd1 Rxa2 47.
Rd2 Ra3 48. Rb2 Ra1 49. Rb7+ Kg6 50. Bxa1 Kh5 51. Rxh7+ Kg4 52. g6 Kxf4 53. g7
Kf3 54. g8=Q f4 55. Rh3+ Kf2 56. Qg4 f3 57. Qxf3+ Ke1 58. Bc3# 1-0

[Event "Titled Tue 20th May Early"]
[Site "chess.com INT"]
[Date "2025.05.20"]
[Round "11"]
[White "Toktomushev, Teimur"]
[Black "Gunawardhana, Devindya Oshini"]
[Result "1-0"]
[WhiteTitle "FM"]
[BlackTitle "WIM"]
[WhiteElo "2398"]
[BlackElo "2068"]
[WhiteFideId "14176726"]
[BlackFideId "29941482"]
[EventDate "2025.05.20"]

1. d4 d5 2. c4 e6 3. Nc3 Nf6 4. cxd5 exd5 5. Bg5 c6 6. e3 h6 7. Bh4 Be7 8. Bd3
O-O 9. Nf3 Nbd7 10. Qc2 Re8 11. O-O Nf8 12. h3 Ne6 13. Ne5 c5 14. dxc5 Nxc5 15.
Bb5 Rf8 16. Rad1 Be6 17. Bxf6 Bxf6 18. Nxd5 Bxd5 19. Qxc5 Bxe5 20. Rxd5 Rc8 21.
Rxd8 Rxc5 22. Rxf8+ Kxf8 23. Ba4 Bxb2 24. Rd1 b5 25. Bb3 Rc1 26. Rxc1 Bxc1 27.
Kf1 Ke7 28. Ke2 Kd6 29. Bxf7 a5 30. f4 a4 31. Be8 Kc5 32. g3 a3 33. Kd3 b4 34.
Bf7 Bb2 35. Ke4 Bf6 36. Kf5 Bc3 37. e4 Kd4 38. e5 Ke3 39. g4 Kf3 40. g5 hxg5 41.
fxg5 Kg3 42. Bb3 Bd4 43. e6 Bc5 44. Kg6 Kh4 45. Kxg7 Kxg5 46. Kf7 Kh4 47. e7
Kxh3 48. e8=Q 1-0

[Event "Titled Tue 20th May Early"]
[Site "chess.com INT"]
[Date "2025.05.20"]
[Round "11"]
[White "Carlsson, Ludvig"]
[Black "Nitish, Belurkar"]
[Result "0-1"]
[WhiteTitle "IM"]
[BlackTitle "IM"]
[WhiteElo "2374"]
[BlackElo "2454"]
[WhiteFideId "1727010"]
[BlackFideId "5084768"]
[EventDate "2025.05.20"]

1. Nf3 Nf6 2. c4 g6 3. Nc3 Bg7 4. e4 O-O 5. d4 d6 6. Be2 c5 7. O-O cxd4 8. Nxd4
Nc6 9. Be3 Bd7 10. Qd2 Rc8 11. Nc2 a6 12. f3 Qa5 13. Rfd1 Rfd8 14. Rab1 Ne5 15.
Na3 Qb4 16. Nc2 Qa5 17. Na3 Be6 18. Nd5 Qxd2 19. Rxd2 Nxd5 20. cxd5 Bd7 21. Rc2
Rxc2 22. Nxc2 Rc8 23. Na3 f5 24. exf5 Bxf5 25. Rd1 b5 26. g4 Bd7 27. h3 b4 28.
Nb1 Nc4 29. Bxc4 Rxc4 30. Rc1 Rxc1+ 31. Bxc1 Bc8 32. a3 bxa3 33. Nxa3 Bb7 34. b4
Bxd5 35. Kg2 Kf7 36. b5 a5 37. b6 Ke8 38. Nc4 Bc3 39. Ne3 Bb7 40. Nc4 Kd7 41.
Bg5 Ba6 42. Ne3 e6 43. Nc2 Kc6 44. Bd8 a4 45. f4 Bd3 46. Na3 Bb4 0-1

[Event "Titled Tue 20th May Early"]
[Site "chess.com INT"]
[Date "2025.05.20"]
[Round "11"]
[White "Khazhatuly, Alikhan"]
[Black "Zhauynbay, Alimzhan"]
[Result "1-0"]
[WhiteTitle "CM"]
[BlackTitle "CM"]
[WhiteElo "2196"]
[BlackElo "2077"]
[WhiteFideId "13731335"]
[BlackFideId "13782657"]
[EventDate "2025.05.20"]

1. e4 d6 2. d4 Nf6 3. Nc3 e5 4. Nf3 Nbd7 5. Bc4 a6 6. Ng5 d5 7. Nxd5 h6 8. Nxf7
Kxf7 9. Nxf6+ Ke7 10. Nd5+ Kd6 11. dxe5+ Kc6 12. Be3 Nxe5 13. Qd4 Bd6 14. O-O-O
b6 15. f4 Nxc4 16. Qxc4+ Kb7 17. e5 Bf8 18. Nb4 Qe8 19. Qe4+ c6 20. Rd2 a5 21.
Nd3 Be6 22. Rhd1 Bd5 23. Qd4 Be7 24. Qxb6+ Kc8 25. f5 Rb8 26. Qa6+ Kc7 27. Bf4
g5 28. Qxa5+ Kc8 29. Bg3 h5 30. e6 Bd8 31. Qa6+ Rb7 32. Nc5 Qe7 33. Qa8+ Rb8 34.
Qxb8# 1-0

[Event "Titled Tue 20th May Early"]
[Site "chess.com INT"]
[Date "2025.05.20"]
[Round "11"]
[White "Vaganian, Rafael A"]
[Black "Burmakin, Evgeniy"]
[Result "1-0"]
[WhiteTitle "GM"]
[BlackTitle "FM"]
[WhiteElo "2449"]
[BlackElo "2110"]
[WhiteFideId "13300016"]
[BlackFideId "4163729"]
[EventDate "2025.05.20"]

1. d4 Nf6 2. Bg5 g6 3. Bxf6 exf6 4. e3 d5 5. c4 c6 6. Nc3 Be6 7. cxd5 cxd5 8.
Qb3 Qd7 9. Nge2 Nc6 10. Nf4 Rd8 11. g3 Bh6 12. Bg2 Bxf4 13. gxf4 O-O 14. Rc1
Rfe8 15. Na4 Na5 16. Qb4 Rc8 17. O-O b6 18. Nc3 Rc4 19. Qb5 Rd8 20. b3 Rcc8 21.
Qxd7 Rxd7 22. Nb5 Rcd8 23. Rc3 Nb7 24. Rfc1 Nd6 25. Nc7 Nf5 26. Rc6 Ng7 27. Kf1
h5 28. Ke1 h4 29. Kd2 Kf8 30. Nb5 Ke7 31. Rc7 a6 32. Rxd7+ Rxd7 33. Nc7 Nf5 34.
Nxa6 Nd6 35. Nb4 Ne4+ 36. Bxe4 dxe4 37. Rc6 b5 38. Rb6 Bg4 39. Rxb5 Bf3 40. a4
Kf8 41. a5 g5 42. fxg5 fxg5 43. a6 g4 44. Rb7 1-0

[Event "Titled Tue 20th May Early"]
[Site "chess.com INT"]
[Date "2025.05.20"]
[Round "11"]
[White "Karttunen, Mika"]
[Black "Mizzi, Jack"]
[Result "0-1"]
[WhiteTitle "IM"]
[BlackTitle "CM"]
[WhiteElo "2490"]
[BlackElo "2086"]
[WhiteFideId "502081"]
[BlackFideId "5602521"]
[EventDate "2025.05.20"]

1. e4 c6 2. d4 d5 3. e5 g6 4. Bd3 Bg7 5. h4 h5 6. Nf3 c5 7. dxc5 Nc6 8. Bf4 Qa5+
9. c3 Qxc5 10. Nbd2 Nh6 11. b4 Qxc3 12. Bb5 Qxb4 13. Bxc6+ bxc6 14. Bg5 Bf5 15.
O-O Ng4 16. Rc1 O-O 17. Rxc6 Nxe5 18. Nxe5 Bxe5 19. Re1 Bf6 20. Rxf6 exf6 21.
Bxf6 Rfe8 22. Re3 Rxe3 23. fxe3 Re8 24. Bd4 Qe7 25. Nf3 Qe4 26. Qa4 Bg4 27. Ng5
Qe7 28. Qa6 f6 29. Nf3 Bxf3 30. gxf3 Kf7 31. Qc6 Qe6 32. Qb7+ Re7 33. Qb2 Qh3
34. Qb8 Qxf3 35. Qh8 Qg4+ 36. Kf1 Qh3+ 37. Kg1 Qg3+ 38. Kf1 Qf3+ 39. Kg1 Re4 40.
Qh7+ Ke6 41. Qg8+ Kf5 42. Qxd5+ Kg4 43. Qd7+ f5 44. Qd8 Qg3+ 45. Kf1 Qf3+ 46.
Kg1 Qg3+ 47. Kf1 Qxh4 48. Qd6 Qh3+ 49. Ke2 Qf3+ 50. Kd3 Qd1+ 51. Kc3 Rxe3+ 52.
Kb4 Qb1+ 53. Kc5 Qb6+ 54. Qxb6 axb6+ 55. Kxb6 Re4 0-1

[Event "Titled Tue 20th May Early"]
[Site "chess.com INT"]
[Date "2025.05.20"]
[Round "11"]
[White "Piesik, Piotr"]
[Black "Manafov, Vugar"]
[Result "0-1"]
[WhiteTitle "IM"]
[BlackTitle "IM"]
[WhiteElo "2436"]
[BlackElo "2432"]
[WhiteFideId "1136194"]
[BlackFideId "13410814"]
[EventDate "2025.05.20"]

1. Nf3 Nf6 2. g3 d5 3. Bg2 c6 4. O-O Bf5 5. d3 e6 6. Nbd2 h6 7. Qe1 Nbd7 8. e4
dxe4 9. dxe4 Bh7 10. Qe2 Be7 11. a4 O-O 12. b3 Nc5 13. e5 Nd5 14. Nc4 Nb4 15.
Ne3 Qb6 16. Ba3 a5 17. Rad1 Rfd8 18. Rxd8+ Rxd8 19. Rd1 Rxd1+ 20. Qxd1 Qd8 21.
Qxd8+ Bxd8 22. Bxb4 axb4 23. Nd2 Bg5 24. f4 Be7 25. Kf2 Kf8 26. Ke2 Ke8 27. Ndc4
Kd7 28. Kd2 Kc7 29. a5 Na6 30. Bf1 Bc5 31. Bd3 Bxd3 32. Kxd3 Ba7 33. Nd2 Nc5+
34. Ke2 Nd7 35. Nec4 f5 36. exf6 Nxf6 37. Kf3 Bd4 38. Ne4 Nd5 39. g4 g6 40. h4
Kd7 41. Ncd6 Kc7 42. Nf7 h5 43. gxh5 gxh5 44. Nfg5 Kd7 45. Ng3 Ne3 46. Ke4 c5
47. Kd3 Ng2 48. Nxh5 Nxh4 49. Ne4 Ng2 50. Ke2 Ne3 51. Kd3 Ng2 52. Ng5 Ne1+ 53.
Kd2 Ng2 54. Nf3 Bc3+ 55. Kd3 Kd6 56. Ke4 Bb2 57. Ng3 Bc1 58. Ne2 Bb2 59. Ne5
Bxe5 60. fxe5+ Kc6 61. Kf3 Ne1+ 62. Ke4 Nxc2 63. Kd3 Ne1+ 64. Kc4 Nf3 65. Nf4
Nxe5# 0-1

[Event "Titled Tue 20th May Early"]
[Site "chess.com INT"]
[Date "2025.05.20"]
[Round "11"]
[White "Piddubna, Bozhena"]
[Black "Lukiyanchuk, Vladislav"]
[Result "0-1"]
[WhiteTitle "WFM"]
[WhiteElo "2174"]
[BlackElo "2299"]
[WhiteFideId "34109293"]
[BlackFideId "14127113"]
[EventDate "2025.05.20"]

1. d4 Nf6 2. c4 c6 3. Nf3 d5 4. g3 Bf5 5. Nc3 e6 6. Nh4 Be4 7. f3 Bg6 8. Qb3 Qb6
9. c5 Qc7 10. Bf4 Qc8 11. Nxg6 hxg6 12. e4 Nh5 13. Be2 Nxf4 14. gxf4 Qc7 15. e5
Rh4 16. O-O-O Rxf4 17. h4 Nd7 18. Qc2 Be7 19. h5 gxh5 20. Rxh5 O-O-O 21. Qd2 g5
22. Rdh1 b6 23. b4 a5 24. bxa5 bxc5 25. Ba6+ Kb8 26. Ne2 Rxf3 27. Kc2 Ka7 28.
Bd3 c4 29. Bh7 Ra3 30. Kb2 Rb8+ 31. Ka1 Bb4 32. Qc2 Qxa5 33. R5h3 c5 34. Rxa3
Qxa3 35. Rb1 cxd4 36. Rb2 d3 37. Qd2 Bxd2 38. Rxb8 Kxb8 39. Bxd3 cxd3 40. Nd4
Qc1# 0-1

[Event "Titled Tue 20th May Early"]
[Site "chess.com INT"]
[Date "2025.05.20"]
[Round "11"]
[White "Bayaca, Sterling"]
[Black "Zaksaite, Salomeja"]
[Result "1-0"]
[WhiteTitle "FM"]
[BlackTitle "WGM"]
[WhiteElo "2231"]
[BlackElo "2119"]
[WhiteFideId "3227790"]
[BlackFideId "12801496"]
[EventDate "2025.05.20"]

1. e4 Nf6 2. e5 Nd5 3. d4 d6 4. exd6 cxd6 5. Nf3 g6 6. c4 Nf6 7. Nc3 Bg7 8. Be2
O-O 9. O-O d5 10. c5 Nc6 11. Rb1 Bf5 12. Ra1 Ne4 13. Be3 b6 14. Bb5 Nxc3 15.
bxc3 Na5 16. cxb6 axb6 17. Ne5 Qc7 18. Qd2 Bxe5 19. dxe5 Qxe5 20. Bxb6 Qb8 21.
Bxa5 Rxa5 22. c4 Qa8 23. Rfe1 dxc4 24. Bxc4 Rc5 25. Bb3 Rd8 26. Qb4 Rdc8 27.
Rxe7 Rc1+ 28. Re1 Rxa1 29. Rxa1 Be4 30. Qe7 Bd5 31. Bxd5 Qxd5 32. Qe1 Ra8 33.
Qb1 Ra3 34. Qb8+ Kg7 35. Qb2+ 1-0

[Event "Titled Tue 20th May Early"]
[Site "chess.com INT"]
[Date "2025.05.20"]
[Round "11"]
[White "Ristic, Nebojsa M"]
[Black "Jiganchine, Roman"]
[Result "1-0"]
[WhiteTitle "IM"]
[BlackTitle "CM"]
[WhiteElo "2248"]
[BlackElo "2205"]
[WhiteFideId "900850"]
[BlackFideId "2603667"]
[EventDate "2025.05.20"]

1. d4 d5 2. Bf4 c5 3. e3 Nc6 4. Nf3 cxd4 5. exd4 Bg4 6. c3 e6 7. Qb3 Qc8 8. Nbd2
Nf6 9. Ne5 Be7 10. Nxg4 Nxg4 11. h3 Nf6 12. Bd3 O-O 13. O-O a6 14. a4 Qd7 15.
Rfe1 Rfc8 16. Nf3 Qe8 17. Qxb7 Na5 18. Qb6 Bd8 19. Qb4 Nc4 20. Qb3 Bc7 21. Bxc7
Rxc7 22. Qc2 Rb8 23. Rab1 a5 24. Ne5 Nd6 25. Ra1 g6 26. Qe2 Kg7 27. f3 Rcb7 28.
Ra2 h5 29. g4 hxg4 30. hxg4 Qh8 31. Nc6 Rc8 32. Nxa5 Ra7 33. Nb3 Qh4 34. Qf2 Qh3
35. Qg2 Qh4 36. Qf2 Qh3 37. Bf1 Qh6 38. Qh2 Qg5 39. Qxd6 Rh8 40. Qg3 Nh5 41.
Qe5+ Qxe5 42. dxe5 Nf4 43. a5 Rb8 44. Nd4 Rab7 45. a6 Rxb2 46. Rxb2 Rxb2 47. Ra1
g5 48. a7 1-0

[Event "Titled Tue 20th May Early"]
[Site "chess.com INT"]
[Date "2025.05.20"]
[Round "11"]
[White "Alcazar Jimenez, Jesus Alberto"]
[Black "Boramanikar, Tanisha S"]
[Result "0-1"]
[WhiteTitle "FM"]
[BlackTitle "WCM"]
[WhiteElo "2141"]
[BlackElo "1743"]
[WhiteFideId "2209756"]
[BlackFideId "35023454"]
[EventDate "2025.05.20"]

1. e4 c5 2. Nf3 Nc6 3. Bb5 d6 4. Bxc6+ bxc6 5. O-O g6 6. Re1 Bg7 7. c3 e6 8. h3
Ne7 9. d4 cxd4 10. cxd4 O-O 11. Nc3 Rb8 12. b3 c5 13. Bb2 Nc6 14. dxc5 dxc5 15.
Qxd8 Rxd8 16. Na4 Bxb2 17. Nxb2 Nb4 18. Red1 Bb7 19. Nd2 Rd4 20. f3 Rbd8 21.
Nbc4 Ba6 22. Rdc1 Nd3 23. Rc3 Nf4 24. Kf2 Rxd2+ 25. Nxd2 Rxd2+ 26. Ke3 Rd3+ 27.
Rxd3 Nxd3 28. Rd1 Nb4 29. Rd8+ Kg7 30. Rd7 Bb5 31. Rxa7 Kf6 32. a4 Bf1 33. g3
Bxh3 34. Kf2 e5 35. Rc7 Be6 36. Rxc5 Nd3+ 37. Ke3 Nxc5 0-1

[Event "Titled Tue 20th May Early"]
[Site "chess.com INT"]
[Date "2025.05.20"]
[Round "11"]
[White "Ibarra Jerez, Jose Carlos"]
[Black "Kshatriya, Nitin Vekhande"]
[Result "1-0"]
[WhiteTitle "GM"]
[BlackTitle "FM"]
[WhiteElo "2545"]
[BlackElo "2255"]
[WhiteFideId "2226332"]
[BlackFideId "45075530"]
[EventDate "2025.05.20"]

1. e4 c5 2. Nf3 d6 3. d4 cxd4 4. Nxd4 Nf6 5. Nc3 g6 6. Be3 Bg7 7. f3 O-O 8. Qd2
Nc6 9. O-O-O d5 10. Kb1 Nxd4 11. e5 Nf5 12. exf6 exf6 13. Nxd5 Nxe3 14. Qxe3 Be6
15. Bc4 b5 16. Bb3 Rc8 17. Qxa7 Bxd5 18. Rxd5 Qe8 19. Rhd1 f5 20. Qd7 Qe2 21. g4
fxg4 22. fxg4 Kh8 23. Qxb5 Qxh2 24. a4 Rb8 25. Qd3 Qf2 26. g5 f6 27. Rh1 Qg2 28.
Qh3 Qxh3 29. Rxh3 fxg5 30. Rxg5 Rf6 31. Rd5 h5 32. a5 Kh7 33. Bc4 Rc6 34. Bb5
Re6 35. Rb3 h4 36. a6 Ra8 37. Rd7 Raxa6 38. Bxa6 Rxa6 39. Rbb7 Kh6 40. Rxg7 Kg5
41. Rh7 Ra4 42. Rb5+ Kg4 43. Rh6 g5 44. Rg6 h3 45. Rbxg5+ Kf3 46. Rg3+ Kf2 47.
Rxh3 1-0

[Event "Titled Tue 20th May Early"]
[Site "chess.com INT"]
[Date "2025.05.20"]
[Round "11"]
[White "Sarana, Alexey"]
[Black "Nguyen, Ngoc Truong Son"]
[Result "0-1"]
[WhiteTitle "GM"]
[BlackTitle "GM"]
[WhiteElo "2686"]
[BlackElo "2632"]
[WhiteFideId "24133795"]
[BlackFideId "12401110"]
[EventDate "2025.05.20"]

1. d4 Nf6 2. c4 e6 3. Nc3 d5 4. cxd5 exd5 5. Bf4 Bd6 6. Bxd6 Qxd6 7. e3 Bf5 8.
Qf3 g6 9. Nge2 Bg4 10. Qf4 Qxf4 11. Nxf4 c6 12. h4 Nbd7 13. f3 Be6 14. g4 h6 15.
Bd3 Nf8 16. Kf2 Ke7 17. b4 a6 18. Na4 Ne8 19. Nc5 Nd6 20. a4 Rg8 21. a5 g5 22.
hxg5 hxg5 23. Ne2 Nd7 24. Ng3 Rh8 25. Rag1 Nf6 26. Bf5 Rab8 27. Ra1 Rbf8 28.
Rac1 Rb8 29. Kg2 Nc4 30. Rc3 Nd6 31. Re1 Bxf5 32. gxf5 g4 33. fxg4 Rbg8 34. e4
dxe4 35. Ncxe4 Nfxe4 36. Nxe4 Rxg4+ 37. Kf3 Rxe4 38. Rxe4+ Nxe4 39. Re3 Kf6 40.
Kxe4 Re8+ 41. Kd3 Rxe3+ 42. Kxe3 Kxf5 43. Kd3 Ke6 44. Kc4 Kd6 0-1

[Event "Titled Tue 20th May Early"]
[Site "chess.com INT"]
[Date "2025.05.20"]
[Round "11"]
[White "Papaioannou, Dimitrios"]
[Black "Tari, Aryan"]
[Result "0-1"]
[WhiteTitle "CM"]
[BlackTitle "GM"]
[WhiteElo "2200"]
[BlackElo "2636"]
[WhiteFideId "25865137"]
[BlackFideId "1510045"]
[EventDate "2025.05.20"]

1. Nf3 Nf6 2. c4 c5 3. Nc3 d5 4. cxd5 Nxd5 5. e3 Nxc3 6. bxc3 g6 7. h4 Bg7 8. h5
Nc6 9. Rb1 Qc7 10. d4 Bf5 11. Bd3 Bxd3 12. Qxd3 b6 13. Qe4 Rc8 14. hxg6 hxg6 15.
Rxh8+ Bxh8 16. Qh4 Bf6 17. Qh7 Nd8 18. Bd2 Qb7 19. Rd1 cxd4 20. cxd4 Qe4 21. Ne5
Bxe5 22. dxe5 Qxg2 23. Qg8+ Kd7 24. Bb4+ Ke6 25. Rxd8 Qg1+ 26. Ke2 Qg4+ 27. Kd3
Qc4+ 28. Kd2 Qxb4+ 29. Ke2 Qg4+ 30. Kd2 Qb4+ 31. Ke2 Qc4+ 32. Ke1 Qc1+ 33. Ke2
Rc2+ 34. Kf3 Qh1+ 35. Kg3 Qg1+ 36. Kh3 Qf1+ 37. Kg4 Qg2+ 38. Kh4 Qxf2+ 39. Kg4
Qf5+ 40. Kg3 Qxe5+ 41. Kf3 Qf5+ 42. Kg3 Qg5+ 43. Kf3 Qg2+ 44. Kf4 Rf2# 0-1

[Event "Titled Tue 20th May Early"]
[Site "chess.com INT"]
[Date "2025.05.20"]
[Round "11"]
[White "Troltenier, Dirk"]
[Black "Mikhalsky, Vladimir"]
[Result "0-1"]
[WhiteTitle "FM"]
[WhiteElo "2174"]
[BlackElo "2219"]
[WhiteFideId "4606400"]
[BlackFideId "14144352"]
[EventDate "2025.05.20"]

1. e4 g6 2. d4 Bg7 3. Nc3 d6 4. f4 Nf6 5. Nf3 O-O 6. Bd3 Na6 7. e5 dxe5 8. dxe5
Nd5 9. Nxd5 Qxd5 10. Qe2 Nc5 11. Bc4 Qc6 12. O-O Be6 13. Be3 b6 14. Kh1 Nb7 15.
Bd3 Bd5 16. Nd4 Qd7 17. c4 Bc6 18. Rfd1 Nc5 19. Bc2 Bb7 20. b4 Ne6 21. f5 Nxd4
22. Rxd4 Qe8 23. Be4 Bxe4 24. Rxe4 gxf5 25. Rf4 e6 26. Rf3 Bxe5 27. Raf1 Bg7 28.
Rg3 Kh8 29. Rxg7 Kxg7 30. Qh5 f6 31. Qh6+ Kh8 32. Bd4 Qg6 33. Qe3 e5 34. Bc3 f4
35. Qf3 Rg8 36. Rg1 Rad8 37. Bb2 Rd3 38. Qe2 f3 39. Qf2 fxg2+ 0-1